Maisie Peters - Outdoor Pool - Statistics

General Stats
  • This quiz has been taken 27 times
  • The average score is 287 of 325
Answer Stats
Answer % Correct
a
100%
after
100%
an
100%
and
100%
And
100%
Dad
100%
don’t
100%
I
100%
in
100%
In
100%
it
100%
It’s
100%
it’s
100%
kissed
100%
love
100%
makeup
100%
me
100%
me,
100%
midnight
100%
my
100%
not
100%
on
100%
out
100%
outdoor
100%
pool
100%
swim
100%
you
100%
your
100%
You’re
100%
you’re
100%
15,
92%
15
92%
at
92%
cool
92%
crying
92%
Hope
92%
if
92%
I’m
92%
just
92%
night,
92%
now
92%
of
92%
off
92%
ruining
92%
school
92%
so
92%
soul
92%
swimming
92%
tell
92%
the
92%
up
92%
wake
92%
want
92%
was
92%
We
92%
we
92%
went
92%
When
92%
where
92%
wouldn’t
92%
all
83%
almost
83%
But
83%
but
83%
could
83%
eyes
83%
fool
83%
good
83%
life
83%
only
83%
She
83%
she
83%
shut
83%
Skins
83%
supermarket
83%
that
83%
that’s
83%
to
83%
too
83%
took
83%
Wednesday
83%
with
83%
With
83%
worst
83%
wrong
83%
asking
75%
be
75%
come
75%
day
75%
exchange
75%
for
75%
French
75%
girlfriend?
75%
gonna
75%
Guess
75%
Is
75%
Kate
75%
kissing
75%
mine
75%
misunderstood
75%
Mum,
75%
obsessed
75%
Oh,
75%
Saw
75%
stay
75%
wanna
75%
we’d
75%
by
67%
caught
67%
didn’t
67%
form
67%
Heard
67%
heard
67%
lockers
67%
once
67%
science
67%
changed
58%
Halloween
58%
HMV
58%
movie
58%
Nothing
58%
Rebecca
58%
still
58%
summer
58%
Then
58%
Thought
58%
us
58%
Bleached
50%
boy
50%
Chemistry
50%
dress
50%
driver’s
50%
feel
50%
First
50%
license
50%
Monday
50%
rugby
50%
same
50%
sweatshirt
50%
through
50%
tips
50%
apart
42%
Hoping
42%
smile
42%
Two
42%
Cuffed
17%
No matching quizzes found
Score Distribution
Percent of People with Each Score
Percentile by Number Answered
Your Score History
You have not taken this quiz